Colomba román

Bibliographic Details
Main Author: Mérimée, Prosper, 1803-1870 (Author)
Other Authors: Votrubová, Štefánia Amália, 1890-1968 (Translator)
Format: Book
Language:Slovak
French
PhysicalDescription:228 s. 8°
Published: Bratislava L. Löw [pred r. 1928?]
Subjects:

MARC

LEADER 00000nam a2200000 a 4500
001 vtls008385404
003 SK-MaSNL
005 20260301225635.0
008 251124s1928 xo slo
015 |a SKSNBA19191938-007299 
035 |a SK01SNKBSKHR20010077621 
035 |a SKM000080084 
040 |a SNK  |b slo  |c SNK  |e AACR2 
041 1 |a slo  |h fre 
044 |a xo 
080 |a 840-3  |2 1981 
100 1 |a Mérimée, Prosper,  |d 1803-1870  |4 aut  |9 122671 
245 1 0 |a Colomba  |b román  |c Prosper Mérimée ; z franc. prel. Štefana Votrubová 
260 |a Bratislava  |b L. Löw  |c [pred r. 1928?]  |e Bratislava  |f Slov. kníhtlač. 
300 |a 228 s.  |c 8° 
500 |a Pozn. 
650 0 7 |a romány francúzske  |2 SNK  |9 290573 
655 7 |a umelecká literatúra  |2 SNKPH  |9 60405 
700 1 |a Votrubová, Štefánia Amália,  |d 1890-1968  |4 trl  |9 151562 
852 |a Slovenská národná knižnica v Martine  |b 10000  |h MS SD 3044 
852 |a Slovenská národná knižnica v Martine  |b 10000  |h MS SD 45831 
852 |a Univerzitná knižnica v Bratislave  |b 300000  |h SG 2026 
958 |a OND 
958 |a RK 
958 |a TL 
999 |c 951649  |d 953579 
952 |a SNK  |b SNK  |y NEVYP  |7 1  |p 17A0527651  |o snkSD 3044 D1  |i snkKSF 2899/56  |8 5  |3 rekatalogizácia  |0 0  |1 0  |4 0  |d 2006-11-16  |l 0  |r 2026-02-24 09:51:12  |w 2026-02-24 
952 |a SNK  |b SNK  |y VYP  |7 0  |p 17A0527652  |o snkSD 3044 D2  |i snkK 3218/76  |8 3  |3 rekatalogizácia  |0 0  |1 0  |4 0  |d 2006-11-16  |l 0  |r 2026-02-24 09:51:12  |w 2026-02-24